000 00783nam a2200241 a 4500
005 20240215063712.0
008 991125s1992 mx 000 0 spa u
020 _a9688562696
035 _aUPN01000038989
049 _aCG
050 4 _aH61
_bR6.4 1992
100 1 _aRojas Soriano, Raúl
_929614
245 1 0 _aMétodos para la investigación social una proposición dialéctica /
_cRaúl Rojas Soriano.
250 _a12a ed.
260 _aMéxico :
_bPlaza y Valdés,
_c1992.
300 _a122 p.
440 0 _aFolios universitarios
590 _a(También localizas un ejemplar en el "Area de Reserva")
590 _aBibliografía Básica (BGTQ)
650 4 _aCiencias sociales
_xInvestigación
_97497
650 4 _aCiencias sociales
_xMetodología
_96208
905 _aLibro
999 _c38989
_d38989